Catálogo

DOCUMENTACION SOBRE LOS NUEVOS CURAS (Registro nro. 33501)

Detalles MARC
000 -LEADER
fixed length control field 00471nam a2200181 a 4500
001 - CONTROL NUMBER
control field 33501
005 - DATE AND TIME OF LATEST TRANSACTION
control field 20180714001433.0
008 - FIXED-LENGTH DATA ELEMENTS--GENERAL INFORMATION
fixed length control field 140415s2003 sp 000 0 spa d
041 ## - LANGUAGE CODE
Language code of text/sound track or separate title spa
082 ## - DEWEY DECIMAL CLASSIFICATION NUMBER
Classification number 200
Item number DEB
100 1# - MAIN ENTRY--PERSONAL NAME
Personal name DEBRAY, PIERRE
245 10 - TITLE STATEMENT
Title DOCUMENTACION SOBRE LOS NUEVOS CURAS
250 ## - EDITION STATEMENT
Edition statement 1a ed.
260 ## - PUBLICATION, DISTRIBUTION, ETC.
Place of publication, distribution, etc. ESPAÑA :
Name of publisher, distributor, etc. LUIS DE CARALT,
Date of publication, distribution, etc. 2003
300 ## - PHYSICAL DESCRIPTION
Extent 243
650 14 - SUBJECT ADDED ENTRY--TOPICAL TERM
Topical term or geographic name entry element RELIGION
700 1# - ADDED ENTRY--PERSONAL NAME
Personal name DOSSIER DES NOUVEAUX PETRES
Relator term tr.
Existencias
Withdrawn status Lost status Source of classification or shelving scheme Damaged status Not for loan Collection code Home library Current library Shelving location Date acquired Source of acquisition Inventory number Total Checkouts Full call number Barcode Date last seen Price effective from Koha item type
    Dewey Decimal Classification     General Biblioteca Karol Wojtyla Biblioteca Karol Wojtyla Sala general 03/12/2013 Compra 151000000000000000057146   200 DEB 51032 05/01/2026 03/12/2013 Libro